000 00292nam a2200121Ia 4500
008 190905s9999||||xx |||||||||||||| ||und||
020 _a9.7881219282e+012
100 _aDr.J.L.Jain
245 0 _aElementary Biochemistry
260 _aNew Delhi
_bS.Chand
_c2018
300 _a588
942 _cBK
999 _c5849
_d5849